[Event "Mercredi 2019.11.13 ABCD"]
[Site "Montreal CAN"]
[Date "2019.11.27"]
[Round "4"]
[White "Adam, Rafael"]
[Black "Baran, Marius"]
[Result "1-0"]
[WhiteElo "1730"]
[BlackElo "1714"]
[PlyCount "119"]
[EventDate "2019.11.13"]
[EventType "swiss"]
[EventRounds "5"]
[EventCountry "CAN"]

1. d4 d5 2. c4 c6 3. Nf3 Nf6 4. e3 Bf5 5. Nbd2 e6 6. b3 Nbd7 7. Bb2 Be7 8. Be2
O-O 9. O-O Qa5 10. a3 b5 11. cxb5 cxb5 12. Nh4 Bg6 13. Nxg6 hxg6 14. Bd3 Rfc8
15. Qe2 a6 16. a4 b4 17. Rfc1 Rxc1+ 18. Rxc1 Qb6 19. Nf3 Ne4 20. Qc2 Qd8 21.
Bxe4 dxe4 22. Qxe4 Rc8 23. Qb7 Rxc1+ 24. Bxc1 a5 25. g3 Bf6 26. Bb2 Nb6 27. Qc6
g5 28. h3 Nd7 29. Nd2 Nb6 30. Qc5 Nd7 31. Qc6 Nb6 32. Ne4 Be7 33. Kg2 Qa8 34.
Qxa8+ Nxa8 35. Kf3 Nb6 36. Nd2 f5 37. Ke2 Kf7 38. Kd3 Bd8 39. Nc4 Nd5 40. Ne5+
Ke8 41. Kc4 Bc7 42. Nd3 Kd7 43. Kb5 Kd6 44. Nc5 Nc3+ 45. Bxc3 bxc3 46. Kc4 c2
47. Nd3 Kc6 48. Kc3 f4 49. gxf4 gxf4 50. Kxc2 fxe3 51. fxe3 Kd5 52. Kd2 Bd6 53.
Ke2 Ke4 54. Nf2+ Kf5 55. Kf3 Bc7 56. Ne4 g6 57. h4 Bb8 58. Nc5 Bc7 59. Nd7 Bd8
60. e4# 1-0

[Event "Mercredi 2019.11.13 ABCD"]
[Site "Montreal CAN"]
[Date "2019.11.27"]
[Round "4"]
[White "Destree, Frederic"]
[Black "Kozlov, Guennadi"]
[Result "1-0"]
[WhiteElo "1848"]
[BlackElo "1820"]
[PlyCount "107"]
[EventDate "2019.11.13"]
[EventType "swiss"]
[EventRounds "5"]
[EventCountry "CAN"]

1. Nf3 Nf6 2. g3 d5 3. Bg2 Bf5 4. O-O e6 5. d3 Be7 6. Nbd2 O-O 7. b3 Nbd7 8.
Bb2 c6 9. Qe1 h6 10. e4 dxe4 11. dxe4 Bh7 12. Qe2 Qc7 13. Rfd1 Rfd8 14. Rac1
Nc5 15. Ne5 Ncd7 16. Nec4 b5 17. e5 bxc4 18. exf6 Bxf6 19. Nxc4 Bxb2 20. Nxb2
Nf6 21. c4 Rd7 22. Rxd7 Qxd7 23. Rd1 Qc7 24. Na4 Rc8 25. Nc5 Bg6 26. Bf3 Qe7
27. b4 a5 28. a3 axb4 29. axb4 e5 30. Qd2 e4 31. Be2 Re8 32. Qd6 Qe5 33. Qxe5
Rxe5 34. Rd6 e3 35. fxe3 Rxe3 36. Kf2 Re5 37. Rxc6 Rxc5 38. bxc5 Kf8 39. Rc7
Ke8 40. Bf3 Kd8 41. Ra7 Nd7 42. Bd5 Nxc5 43. Bxf7 Bf5 44. Ke3 Nd7 45. Kd4 Ke7
46. Bd5 g5 47. c5 Kd8 48. c6 Nb6 49. Be4 Bg4 50. Kc5 Nc8 51. Rh7 h5 52. Bg6 h4
53. gxh4 gxh4 54. Rxh4 1-0

[Event "Mercredi 2019.11.13 ABCD"]
[Site "Montreal CAN"]
[Date "2019.12.04"]
[Round "4"]
[White "Fortin-Lavoie, Patrice"]
[Black "Barko, Maxim"]
[Result "0-1"]
[WhiteElo "1845"]
[BlackElo "1838"]
[PlyCount "122"]
[EventDate "2019.11.13"]
[EventType "swiss"]
[EventRounds "5"]
[EventCountry "CAN"]

1. d4 e6 2. c4 b6 3. Nf3 Bb7 4. g3 Bb4+ 5. Bd2 a5 6. Bg2 Nf6 7. O-O O-O 8. a3
Be7 9. Nc3 d5 10. Ne5 Nc6 11. Bf4 Re8 12. Rc1 Na7 13. Qc2 c6 14. Rfd1 Rc8 15.
e4 Bf8 16. Bg5 Be7 17. Qb3 dxc4 18. Nxc4 b5 19. Ne3 Ba8 20. Bxf6 Bxf6 21. e5
Be7 22. Ne4 b4 23. a4 Rc7 24. h4 Rd7 25. Qd3 Qb6 26. Nc4 Qa6 27. h5 h6 28. Qf3
Red8 29. Ned6 Bxd6 30. Nxd6 c5 31. d5 Bxd5 32. Rxd5 exd5 33. Qxd5 Qe2 34. b3
Qxh5 35. Qxc5 Qg5 36. Re1 Qd2 37. Rf1 Qc3 38. Qxa5 h5 39. Bd5 Rf8 40. Bc4 Nc6
41. Qb6 Nxe5 42. Nb5 Qc2 43. Qe3 Nxc4 44. bxc4 Qxc4 45. Rc1 Qd3 46. Qe5 Qd5 47.
Qe2 Qd2 48. Qxd2 Rxd2 49. Rb1 Re8 50. Rxb4 Ree2 51. Rf4 g5 52. Rf5 g4 53. Kf1
Kg7 54. a5 Kg6 55. Rf4 Rd5 56. Rb4 Rf5 57. a6 Rfxf2+ 58. Kg1 Rg2+ 59. Kf1 Rh2
60. a7 Ra2 61. a8=Q Rxa8 0-1

[Event "Mercredi 2019.11.13 ABCD"]
[Site "Montreal CAN"]
[Date "2019.11.27"]
[Round "4"]
[White "Gauthier, Luc"]
[Black "Alcantara, Maximo jr"]
[Result "0-1"]
[WhiteElo "1627"]
[BlackElo "1676"]
[PlyCount "54"]
[EventDate "2019.11.13"]
[EventType "swiss"]
[EventRounds "5"]
[EventCountry "CAN"]

1. e4 c6 2. d4 d5 3. exd5 cxd5 4. Bd3 Nc6 5. c3 g6 6. h3 Bg7 7. Bf4 Nf6 8. Nf3
O-O 9. O-O Re8 10. Re1 a6 11. Nbd2 b5 12. Ne5 Nxe5 13. Bxe5 Nd7 14. Bxg7 Kxg7
15. Nf3 e6 16. Qd2 Qf6 17. Ne5 Nxe5 18. Rxe5 Bb7 19. Rae1 Re7 20. R1e3 Qf4 21.
Qe2 Rae8 22. Rf3 Qc1+ 23. Kh2 f6 24. Ree3 e5 25. dxe5 fxe5 26. Bxb5 axb5 27.
Qxb5 d4 0-1

[Event "Mercredi 2019.11.13 ABCD"]
[Site "Montreal CAN"]
[Date "2019.11.27"]
[Round "4"]
[White "Hernandez, Juan Felipe"]
[Black "Lewicki, Philip"]
[Result "1-0"]
[WhiteElo "1786"]
[BlackElo "1813"]
[PlyCount "45"]
[EventDate "2019.11.13"]
[EventType "swiss"]
[EventRounds "5"]
[EventCountry "CAN"]

1. e4 c5 2. Nf3 d6 3. d4 cxd4 4. Nxd4 Nc6 5. Nc3 Nf6 6. Be2 g6 7. Be3 Bg7 8. f3
a6 9. Qd2 Bd7 10. g4 Qc7 11. g5 Ng8 12. Nd5 Qd8 13. Nxc6 Bxc6 14. Bb6 Qc8 15.
Nc7+ Kf8 16. Nxa8 Qxa8 17. O-O-O h6 18. h4 Qc8 19. Kb1 f5 20. Bd4 b5 21. Bxg7+
Kxg7 22. Qd4+ Kh7 23. h5 1-0

[Event "Mercredi 2019.11.13 ABCD"]
[Site "Montreal CAN"]
[Date "2019.11.27"]
[Round "4"]
[White "Nardone, Raul"]
[Black "Allaire, Denis"]
[Result "1-0"]
[WhiteElo "1775"]
[BlackElo "1711"]
[PlyCount "53"]
[EventDate "2019.11.13"]
[EventType "swiss"]
[EventRounds "5"]
[EventCountry "CAN"]

1. Nf3 d5 2. d4 Nc6 3. c4 Bg4 4. Nc3 Bxf3 5. gxf3 e6 6. cxd5 exd5 7. Bf4 Nge7
8. a3 Ng6 9. Bg3 Be7 10. Nb5 Rc8 11. Bh3 O-O 12. Bxc8 Qxc8 13. Rc1 Qh3 14. Nc3
Qg2 15. Rf1 Bg5 16. Rc2 f5 17. Be5 Ngxe5 18. dxe5 d4 19. Nb5 Rd8 20. Rxc6 bxc6
21. Qb3+ Kf8 22. Nxc7 Bd2+ 23. Kxd2 Qxf1 24. Ne6+ Ke7 25. Nxd8 Kxd8 26. Qb8+
Kd7 27. Qxa7+ 1-0

[Event "Mercredi 2019.11.13 ABCD"]
[Site "Montreal CAN"]
[Date "2019.11.27"]
[Round "4"]
[White "Nesterov, Timour"]
[Black "Have, Didier"]
[Result "1-0"]
[WhiteElo "1953"]
[BlackElo "2053"]
[PlyCount "61"]
[EventDate "2019.11.13"]
[EventType "swiss"]
[EventRounds "5"]
[EventCountry "CAN"]

1. d4 d6 2. Nf3 c6 3. e4 Nd7 4. e5 e6 5. Nc3 d5 6. Ne2 Be7 7. Ng3 h5 8. h4 Nf8
9. Bd3 Bd7 10. Ng5 f6 11. exf6 gxf6 12. Nh7 Qc7 13. Qxh5+ Kd8 14. Qg4 Be8 15.
Nxf8 Bxf8 16. Qxe6 Bf7 17. Qf5 Bb4+ 18. c3 Qe7+ 19. Be3 Bd6 20. Qf3 Nh6 21. O-O
Bxg3 22. Qxg3 Bh5 23. Rae1 Qf7 24. Qd6+ Qd7 25. Qxf6+ Kc7 26. Bxh6 Rae8 27.
Rxe8 Rxe8 28. Qf5 Qxf5 29. Bxf5 Re2 30. Be3 Kd6 31. Bd3 1-0

[Event "Mercredi 2019.11.13 ABCD"]
[Site "Montreal CAN"]
[Date "2019.11.27"]
[Round "4"]
[White "Templonuevo, Mark Geryl"]
[Black "Beaulieu, Pierre"]
[Result "1/2-1/2"]
[WhiteElo "1929"]
[BlackElo "1926"]
[PlyCount "141"]
[EventDate "2019.11.13"]
[EventType "swiss"]
[EventRounds "5"]
[EventCountry "CAN"]

1. c4 g6 2. Nc3 Bg7 3. d4 c6 4. e4 d6 5. h3 a6 6. a4 Nd7 7. Be3 Qa5 8. Bd3 Ngf6
9. Nge2 e5 10. Qb1 O-O 11. b4 Qc7 12. O-O exd4 13. Nxd4 a5 14. b5 Ne5 15. b6
Qe7 16. Be2 Be6 17. Qb3 Ned7 18. f4 Nc5 19. Qc2 Nh5 20. Bxh5 gxh5 21. Qe2 f5
22. Qxh5 Bxc4 23. Rfc1 Nxe4 24. Nd1 Bd5 25. Nxf5 Rxf5 26. Qxf5 Bxa1 27. Rxa1
Qf6 28. Qxf6 Nxf6 29. Nc3 Bc4 30. Bd4 Nh5 31. f5 Ng3 32. f6 Kf7 33. Bf2 Nh5 34.
Ne4 d5 35. Nd6+ Kxf6 36. Bd4+ Ke6 37. Nxb7 Ng3 38. Bf2 Ne4 39. Re1 Kd7 40. Rxe4
dxe4 41. Nc5+ Kd6 42. Nxe4+ Kd5 43. b7 Rb8 44. Nc5 Be2 45. Bg3 Kxc5 46. Bxb8
Kb6 47. Be5 Kxb7 48. Bc3 Kb6 49. g4 Bd1 50. Kf2 Bxa4 51. Ke3 Bd1 52. Kd2 Bf3
53. Bf6 Bg2 54. h4 Bf3 55. g5 Kb5 56. Kc3 Bh5 57. Kb3 a4+ 58. Ka3 Bd1 59. Kb2
Kc4 60. Kc1 Bh5 61. Kb2 c5 62. Ka3 Bd1 63. h5 Bxh5 64. Kxa4 Kd3 65. Kb3 c4+ 66.
Kb2 Bg6 67. Kc1 Ke4 68. Bd8 Kd5 69. Kd2 Ke6 70. Kc3 Bd3 71. Bb6 1/2-1/2

[Event "Mercredi 2019.11.13 ABCD"]
[Site "Montreal CAN"]
[Date "2019.11.27"]
[Round "4"]
[White "Tremblay, Alain"]
[Black "Lopez Linares, Lizandro"]
[Result "0-1"]
[WhiteElo "2117"]
[BlackElo "2225"]
[PlyCount "104"]
[EventDate "2019.11.13"]
[EventType "swiss"]
[EventRounds "5"]
[EventCountry "CAN"]

1. d4 Nf6 2. Nf3 d5 3. e3 c5 4. b3 a6 5. Bb2 Nc6 6. Bd3 Bg4 7. a3 cxd4 8. exd4
Qc7 9. Nbd2 e6 10. h3 Bh5 11. O-O Bd6 12. Re1 O-O 13. c4 Bg6 14. Bxg6 hxg6 15.
c5 Bf4 16. b4 Rfe8 17. Qc2 Rad8 18. Rad1 Nd7 19. Qd3 Nf8 20. Ne5 Nxe5 21. dxe5
Bxd2 22. Rxd2 Nd7 23. Rc2 Nb8 24. Bd4 Nc6 25. f4 Rd7 26. Rb1 Red8 27. Re1 Ne7
28. Bf2 Qc6 29. Bh4 d4 30. Bxe7 Rxe7 31. Re4 Red7 32. Kh2 Rd5 33. Ree2 Qc7 34.
Re4 g5 35. g3 gxf4 36. gxf4 Qe7 37. Rg2 g6 38. Rg4 Kg7 39. Re2 Rh8 40. Reg2 Rh6
41. R2g3 Qd7 42. Rg2 Qc7 43. Re2 Kf8 44. Re4 Qd7 45. Rg2 Qd8 46. Rd2 Qh4 47.
Qg3 Qh5 48. Qg2 d3 49. Qg3 Qf5 50. Re3 Rd4 51. Rexd3 Rxf4 52. Qg2 Qxe5 0-1

[Event "Mercredi 2019.11.13 ABCD"]
[Site "Montreal CAN"]
[Date "2019.11.27"]
[Round "4"]
[White "Tsukerman, Julia"]
[Black "Gates, Claude-Eric"]
[Result "1-0"]
[WhiteElo "1854"]
[BlackElo "1860"]
[PlyCount "147"]
[EventDate "2019.11.13"]
[EventType "swiss"]
[EventRounds "5"]
[EventCountry "CAN"]

1. e4 c5 2. Nf3 g6 3. d4 cxd4 4. Nxd4 Bg7 5. c4 Nc6 6. Be3 Nf6 7. Nc3 O-O 8.
Be2 d6 9. O-O Bd7 10. f3 Nxd4 11. Bxd4 Bc6 12. Qd2 a5 13. Rfe1 Nd7 14. Nd5 Nc5
15. Bxg7 Kxg7 16. Qd4+ f6 17. Rad1 a4 18. f4 Ra5 19. e5 Ne6 20. exf6+ Rxf6 21.
Qe3 Bxd5 22. cxd5 Nxf4 23. Bf3 Rf5 24. Qxe7+ Qxe7 25. Rxe7+ Rf7 26. Rxf7+ Kxf7
27. Rd4 g5 28. g3 Ng6 29. Rb4 Ra7 30. Bd1 a3 31. bxa3 Ne5 32. Be2 Nd7 33. a4
Nc5 34. Bd1 Ra8 35. Kf1 Kf6 36. Ke2 Re8+ 37. Kd2 Ke5 38. Bf3 Rf8 39. Ke3 h6 40.
a5 Rf7 41. h4 Re7 42. Rb1 Kf5+ 43. Kd4 gxh4 44. gxh4 Kf4 45. Rf1 Kg3 46. h5 Rf7
47. Be2 Re7 48. Bf3 Re5 49. Bd1 Re4+ 50. Kc3 Re5 51. Kd4 Re4+ 52. Kc3 Rf4 53.
Rg1+ Kf2 54. Rg6 Ke3 55. Rxh6 Ne4+ 56. Kb2 Rf2+ 57. Bc2 Kd4 58. Rg6 Rh2 59. Rg4
Kxd5 60. Rxe4 Rxh5 61. Re7 Kd4 62. Rxb7 Rxa5 63. a4 Kc5 64. Kb3 Kc6 65. Rb4 Rg5
66. Bd3 Rg3 67. Kc3 d5 68. a5 Kc5 69. a6 Rg8 70. Rb5+ Kc6 71. Kb4 Rg3 72. a7
Rg8 73. Rb8 Rg4+ 74. Kb3 1-0

[Event "Mercredi 2019.11.13 ABCD"]
[Site "Montreal CAN"]
[Date "2019.11.27"]
[Round "4"]
[White "Yu, Zong Yang"]
[Black "Nunez-Painchaud, Raphael"]
[Result "1-0"]
[WhiteElo "2478"]
[BlackElo "2174"]
[PlyCount "81"]
[EventDate "2019.11.13"]
[EventType "swiss"]
[EventRounds "5"]
[EventCountry "CAN"]

1. d4 Nf6 2. c4 e6 3. Nf3 b6 4. Nc3 Bb7 5. a3 d5 6. cxd5 Nxd5 7. e3 Be7 8. Bb5+
c6 9. Bd3 Nxc3 10. bxc3 Nd7 11. O-O Qc7 12. e4 e5 13. Bg5 Bxg5 14. Nxg5 O-O 15.
f4 h6 16. Nf3 exd4 17. Nxd4 Nc5 18. Bc2 Rad8 19. e5 Ba6 20. Re1 Rd5 21. Qf3 Re8
22. Qg3 Ne6 23. Nf5 Rd2 24. Rac1 Kf8 25. Bb3 c5 26. Nd6 c4 27. Bc2 Bb7 28. Nxb7
Qxb7 29. f5 Nc5 30. f6 Ne6 31. Bf5 g6 32. Rc2 Qd5 33. Rxd2 Qxd2 34. Bxe6 Rxe6
35. h4 h5 36. Kh2 Ke8 37. Re3 Qd5 38. Qf4 Kd7 39. Re4 Ke8 40. Re2 b5 41. Qh6
1-0

[Event "Mercredi 2019.11.13 ABCD"]
[Site "Montreal CAN"]
[Date "2019.12.11"]
[Round "5"]
[White "Alcantara, Maximo jr"]
[Black "Nardone, Raul"]
[Result "1/2-1/2"]
[WhiteElo "1676"]
[BlackElo "1775"]
[PlyCount "98"]
[EventDate "2019.11.13"]
[EventType "swiss"]
[EventRounds "5"]
[EventCountry "CAN"]

1. Nf3 Nf6 2. d4 g6 3. g3 Bg7 4. Bg2 O-O 5. O-O d6 6. Re1 Nbd7 7. Bf4 Nh5 8.
Bd2 e5 9. dxe5 Nxe5 10. Nxe5 Bxe5 11. Bc3 Qf6 12. Qd3 Bf5 13. e4 Bd7 14. f4
Bxc3 15. Nxc3 Bc6 16. e5 dxe5 17. Rxe5 Bxg2 18. Kxg2 Qc6+ 19. Qe4 Qxe4+ 20.
Rxe4 Rad8 21. Rae1 Rd2+ 22. R1e2 Rxe2+ 23. Rxe2 Rd8 24. Nb5 c6 25. Nc3 Nf6 26.
Kf3 Kf8 27. g4 Rd4 28. h3 Nd5 29. Nxd5 Rxd5 30. Ke3 Ke7 31. Rd2 Ra5 32. a3 Rb5
33. b4 a5 34. c3 axb4 35. axb4 h5 36. Ra2 hxg4 37. hxg4 Kd6 38. Rd2+ Rd5 39.
Rd4 Ke6 40. c4 Rxd4 41. Kxd4 Kd6 42. f5 gxf5 43. gxf5 f6 44. c5+ Ke7 45. Ke4
Kf7 46. Kf4 Kg7 47. Kg4 Kg8 48. Kh4 Kh8 49. Kh5 Kh7 1/2-1/2

[Event "Mercredi 2019.11.13 ABCD"]
[Site "Montreal CAN"]
[Date "2019.12.11"]
[Round "5"]
[White "Allaire, Denis"]
[Black "Adam, Rafael"]
[Result "0-1"]
[WhiteElo "1711"]
[BlackElo "1730"]
[PlyCount "94"]
[EventDate "2019.11.13"]
[EventType "swiss"]
[EventRounds "5"]
[EventCountry "CAN"]

1. e4 e5 2. Nf3 Nc6 3. d4 exd4 4. Nxd4 Bc5 5. Nxc6 Qf6 6. Qf3 dxc6 7. Bc4 Bd7
8. Nd2 Qg6 9. O-O Ne7 10. Nb3 Bb6 11. a4 a5 12. Bd2 O-O 13. Bd3 Bg4 14. Qg3 Be6
15. Qh4 Rfe8 16. e5 Bf5 17. Bxf5 Qxf5 18. Nd4 Bxd4 19. Qxd4 Qxc2 20. Bc3 Qg6
21. f4 b6 22. Qd7 Nd5 23. f5 Qg5 24. Rae1 Nxc3 25. bxc3 Qe7 26. Qxc6 Rac8 27.
Re3 Red8 28. e6 Qd6 29. Qxd6 Rxd6 30. e7 Re8 31. Kf2 f6 32. Rfe1 Kf7 33. Re6
Rxe6 34. Rxe6 Rxe7 35. Rc6 Ke8 36. Kf3 Kd7 37. Rc4 c6 38. Rd4+ Kc7 39. h4 b5
40. g4 c5 41. Rd1 b4 42. cxb4 axb4 43. g5 Kc6 44. a5 c4 45. gxf6 gxf6 46. a6
Kb5 47. Rd6 c3 0-1

[Event "Mercredi 2019.11.13 ABCD"]
[Site "Montreal CAN"]
[Date "2019.12.11"]
[Round "5"]
[White "Baran, Marius"]
[Black "Gauthier, Luc"]
[Result "1-0"]
[WhiteElo "1714"]
[BlackElo "1627"]
[PlyCount "77"]
[EventDate "2019.11.13"]
[EventType "swiss"]
[EventRounds "5"]
[EventCountry "CAN"]

1. e4 Nf6 2. e5 Nd5 3. d4 d6 4. Bc4 c6 5. Bb3 g6 6. exd6 Qxd6 7. Ne2 Bg7 8. O-O
Be6 9. c4 Nf6 10. Bf4 Qb4 11. Nd2 Qa5 12. h3 O-O 13. Nf3 Qd8 14. Re1 Na6 15.
Be5 Nc7 16. Nf4 a5 17. Qe2 Bc8 18. Rad1 Ne6 19. Nxe6 Bxe6 20. d5 cxd5 21. cxd5
Bd7 22. Nd4 a4 23. Bc4 Qb6 24. b3 axb3 25. Rb1 Qc5 26. Nxb3 Qc8 27. Nd4 Ra4 28.
Rec1 Qa8 29. Bb3 Rb4 30. Rc7 Ba4 31. Rbc1 Bxb3 32. axb3 Nxd5 33. Bxg7 Nxc7 34.
Bxf8 Qxf8 35. Rxc7 Rxd4 36. Rxb7 e6 37. Qe5 Rd1+ 38. Kh2 Qd6 39. Rb8+ 1-0

[Event "Mercredi 2019.11.13 ABCD"]
[Site "Montreal CAN"]
[Date "2019.12.11"]
[Round "5"]
[White "Barko, Maxim"]
[Black "Hernandez, Juan Felipe"]
[Result "0-1"]
[WhiteElo "1838"]
[BlackElo "1786"]
[PlyCount "64"]
[EventDate "2019.11.13"]
[EventType "swiss"]
[EventRounds "5"]
[EventCountry "CAN"]

1. d4 Nf6 2. Bg5 e6 3. Nf3 d5 4. Nbd2 Be7 5. e3 O-O 6. Bd3 b6 7. Qe2 Bb7 8. Ne5
c5 9. c3 Nc6 10. Bxf6 Bxf6 11. f4 Bxe5 12. fxe5 f6 13. Qh5 f5 14. Nf3 Qe8 15.
Qh3 Qg6 16. Rg1 Ne7 17. Qh4 Qe8 18. g4 Ng6 19. Qh3 f4 20. Ng5 h6 21. Nf3 fxe3
22. Nh4 Nxh4 23. Qxh4 Rf4 24. Qg3 g5 25. h4 Qe7 26. Rh1 Raf8 27. Qxe3 cxd4 28.
cxd4 Qb4+ 29. Qd2 Qxd2+ 30. Kxd2 Rxd4 31. Kc3 Rxg4 32. hxg5 d4+ 0-1

[Event "Mercredi 2019.11.13 ABCD"]
[Site "Montreal CAN"]
[Date "2019.12.11"]
[Round "5"]
[White "Beaulieu, Pierre"]
[Black "Tsukerman, Julia"]
[Result "0-1"]
[WhiteElo "1926"]
[BlackElo "1854"]
[PlyCount "84"]
[EventDate "2019.11.13"]
[EventType "swiss"]
[EventRounds "5"]
[EventCountry "CAN"]

1. Nf3 Nf6 2. g3 e6 3. Bg2 d5 4. d3 Be7 5. Nbd2 c5 6. O-O O-O 7. e4 Nc6 8. c3
b5 9. a3 a5 10. Re1 Ba6 11. Qc2 b4 12. axb4 axb4 13. c4 dxe4 14. Nxe4 Bb7 15.
Nxf6+ Bxf6 16. Be3 Qe7 17. Nd2 Nd4 18. Bxd4 Bxd4 19. Bxb7 Qxb7 20. Nb3 Rfd8 21.
Rxa8 Qxa8 22. Re4 Bf6 23. Re2 Qc6 24. Nd2 Qd7 25. Ne4 Bd4 26. Re1 Ra8 27. Nd2
Bf6 28. Nb3 Qd6 29. Rd1 h6 30. Ra1 Rd8 31. Ra5 Qxd3 32. Qxd3 Rxd3 33. Nxc5 Rd1+
34. Kg2 Bxb2 35. Nb3 Rd3 36. Ra8+ Kh7 37. Na5 Ra3 38. c5 Be5 39. Ra7 b3 40. c6
b2 41. Rb7 Rxa5 42. c7 Rc5 0-1

[Event "Mercredi 2019.11.13 ABCD"]
[Site "Montreal CAN"]
[Date "2019.12.11"]
[Round "5"]
[White "Have, Didier"]
[Black "Tremblay, Alain"]
[Result "0-1"]
[WhiteElo "2053"]
[BlackElo "2117"]
[PlyCount "88"]
[EventDate "2019.11.13"]
[EventType "swiss"]
[EventRounds "5"]
[EventCountry "CAN"]

1. d4 d5 2. Nc3 e6 3. Bf4 a6 4. e3 Nf6 5. Nf3 c5 6. dxc5 Bxc5 7. Bd3 Nc6 8. O-O
O-O 9. a3 b5 10. Qe2 Bb7 11. Rad1 Qb6 12. Bg5 Ng4 13. Bf4 f5 14. h3 Nf6 15. Ne5
Nxe5 16. Bxe5 Bd6 17. Bxd6 Qxd6 18. f3 Rac8 19. Kh1 Nh5 20. Qf2 Ng3+ 21. Kg1
Nxf1 22. Rxf1 b4 23. axb4 Qxb4 24. g4 Qxb2 25. Rb1 Qxc3 26. Rxb7 Qf6 27. Qg3 f4
28. exf4 Qd4+ 29. Kg2 Qxf4 30. Qf2 e5 31. Qe2 Rce8 32. Bf5 e4 33. fxe4 dxe4 34.
Qc4+ Kh8 35. Qd4 Qe5 36. Qe3 a5 37. h4 h6 38. Ra7 Rf6 39. h5 Rc6 40. Qe2 Rc3
41. Qf2 Rf3 42. Qe1 Qf4 43. Rxa5 e3 44. Ra4 Rf2+ 0-1

[Event "Mercredi 2019.11.13 ABCD"]
[Site "Montreal CAN"]
[Date "2019.12.11"]
[Round "5"]
[White "Kozlov, Guennadi"]
[Black "Fortin-Lavoie, Patrice"]
[Result "1-0"]
[WhiteElo "1820"]
[BlackElo "1845"]
[PlyCount "71"]
[EventDate "2019.11.13"]
[EventType "swiss"]
[EventRounds "5"]
[EventCountry "CAN"]

1. c4 e5 2. g3 Nf6 3. Bg2 Bc5 4. Nc3 a5 5. a3 O-O 6. e3 c6 7. Nge2 d5 8. cxd5
cxd5 9. d4 exd4 10. Nxd4 Nc6 11. Ncb5 Ne4 12. O-O Qe7 13. Qc2 f5 14. Rd1 h5 15.
Nb3 Bb6 16. Rxd5 Be6 17. Rd1 h4 18. N3d4 Nxd4 19. exd4 Rac8 20. Nc3 hxg3 21.
hxg3 Qf7 22. Qd3 Bc4 23. Qe3 Nf6 24. Qf4 Ng4 25. Bf3 Qh5 26. Bxg4 fxg4 27. Qg5
Qh3 28. Be3 Bd8 29. Qe5 Rf3 30. d5 Kh8 31. Ne4 Rxe3 32. fxe3 Be2 33. Qe8+ Kh7
34. Rd2 Bf3 35. Rh2 Rc2 36. Rxh3+ 1-0

[Event "Mercredi 2019.11.13 ABCD"]
[Site "Montreal CAN"]
[Date "2019.12.11"]
[Round "5"]
[White "Latorre, Vincent"]
[Black "Templonuevo, Mark Geryl"]
[Result "0-1"]
[WhiteElo "1905"]
[BlackElo "1929"]
[PlyCount "82"]
[EventDate "2019.11.13"]
[EventType "swiss"]
[EventRounds "5"]
[EventCountry "CAN"]

1. e4 e5 2. Nf3 Nc6 3. Bc4 Nf6 4. d3 Bc5 5. c3 O-O 6. Nbd2 d6 7. Bb3 a6 8. O-O
Ba7 9. Nc4 b5 10. Ne3 Ne7 11. Re1 h6 12. Nf1 Bb7 13. Be3 Bxe3 14. fxe3 c5 15.
c4 Rc8 16. Rc1 Ng6 17. Ng3 h5 18. Ne2 b4 19. Ng3 Rc7 20. Nf5 Ne7 21. Nxe7+ Qxe7
22. Rf1 Ng4 23. Qe1 f5 24. exf5 Rxf5 25. h3 Nh6 26. e4 Rf4 27. Qg3 h4 28. Qg5
Rxf3 29. Qd2 Rg3 30. Bd1 Bc8 31. Kh2 Qg5 32. Qc2 Rf7 33. Rxf7 Nxf7 34. b3 Qf4
35. Kh1 Bxh3 36. Bf3 Ng5 37. Rf1 Nxf3 38. Rxf3 Rxf3 39. gxf3 Qxf3+ 40. Kh2 Qg3+
41. Kh1 Bg4 0-1

[Event "Mercredi 2019.11.13 ABCD"]
[Site "Montreal CAN"]
[Date "2019.12.11"]
[Round "5"]
[White "Lewicki, Philip"]
[Black "Destree, Frederic"]
[Result "1/2-1/2"]
[WhiteElo "1813"]
[BlackElo "1848"]
[PlyCount "141"]
[EventDate "2019.11.13"]
[EventType "swiss"]
[EventRounds "5"]
[EventCountry "CAN"]

1. c4 Nf6 2. Nc3 g6 3. Nf3 Bg7 4. d4 O-O 5. Bg5 h6 6. Bd2 d6 7. d5 Bf5 8. Nh4
e6 9. Nxf5 exf5 10. Qc2 Re8 11. O-O-O Nbd7 12. f3 Nc5 13. Kb1 a5 14. e3 a4 15.
Bd3 Qd7 16. h4 h5 17. Rde1 c6 18. e4 fxe4 19. Nxe4 Nfxe4 20. Bxe4 Nxe4 21. Rxe4
Rxe4 22. Qxe4 Re8 23. Qd3 Qd8 24. g4 hxg4 25. fxg4 Qb6 26. Bc1 cxd5 27. cxd5
Rc8 28. Qe2 a3 29. h5 axb2 30. Bxb2 Bxb2 31. Qxb2 Qxb2+ 32. Kxb2 Rc5 33. h6
Rxd5 34. Kc3 Kh7 35. Rf1 Kxh6 36. Rxf7 b5 37. Rf4 Kg5 38. Re4 Rc5+ 39. Kd3 Kh4
40. Rd4 g5 41. Rxd6 Kxg4 42. Kd4 Rf5 43. Ke3 Kg3 44. Ke4 Rf4+ 45. Ke5 b4 46.
Rd1 Rf2 47. Rd4 Rxa2 48. Rxb4 Rf2 49. Rb8 g4 50. Rg8 Kh3 51. Rh8+ Kg2 52. Ke4
Rf7 53. Rg8 g3 54. Ke3 Rf6 55. Rg7 Rf5 56. Rg6 Rf3+ 57. Ke2 Rf8 58. Ke3 Rf3+
59. Ke2 Ra3 60. Rg8 Kg1 61. Rd8 g2 62. Rh8 Ra4 63. Re8 Ra3 64. Rh8 Rb3 65. Rh7
Rb4 66. Re7 Rh4 67. Rg7 Rh6 68. Kf3 Rh3+ 69. Ke2 Rh8 70. Kf3 Rf8+ 71. Ke2
1/2-1/2

[Event "Mississauga Spring op"]
[Site "Mississauga CAN"]
[Date "2019.03.22"]
[Round "1.1"]
[White "Krnan, Tomas"]
[Black "Loadman, Ian"]
[Result "1-0"]
[WhiteElo "2512"]
[BlackElo "2095"]
[PlyCount "99"]
[EventDate "2019.03.22"]
[EventType "swiss"]
[EventRounds "5"]
[EventCountry "CAN"]

1. e4 e5 2. Nf3 Nc6 3. Bb5 a6 4. Ba4 Nf6 5. O-O Be7 6. Re1 b5 7. Bb3 O-O 8. c3
d6 9. h3 Na5 10. Bc2 c5 11. d4 Qc7 12. Nbd2 Nc6 13. d5 Nd8 14. a4 Rb8 15. axb5
axb5 16. b4 c4 17. Nf1 Ne8 18. Ng3 g6 19. Nh2 f6 20. h4 Nf7 21. h5 Ng7 22. Be3
Bd7 23. Ra7 Rb7 24. Ra5 Rfb8 25. Qf3 Qc8 26. Rea1 Ne8 27. Ngf1 Bd8 28. Ra6 Kg7
29. hxg6 hxg6 30. Qg3 Bb6 31. Bd1 Nc7 32. R6a2 Qh8 33. Bxb6 Rxb6 34. Ne3 Ng5
35. Bc2 Ne8 36. Rf1 Kg8 37. f4 exf4 38. Rxf4 Qg7 39. Nhg4 Nf7 40. Ra1 Ng5 41.
Ra7 R6b7 42. Rxb7 Rxb7 43. Nxf6+ Nxf6 44. Qxg5 Ne8 45. Rf1 Ra7 46. e5 Qxe5 47.
Qxg6+ Qg7 48. Qh5 Nf6 49. Qh4 Ng4 50. Qd8+ 1-0

[Event "Mississauga Spring op"]
[Site "Mississauga CAN"]
[Date "2019.03.22"]
[Round "1.3"]
[White "Hua, Eugene"]
[Black "Nasirov, Ilyas"]
[Result "1/2-1/2"]
[WhiteElo "2432"]
[BlackElo "2024"]
[PlyCount "89"]
[EventDate "2019.03.22"]
[EventType "swiss"]
[EventRounds "5"]
[EventCountry "CAN"]

1. e4 e6 2. d4 d5 3. Nd2 dxe4 4. Nxe4 Nd7 5. Nf3 Ngf6 6. Nxf6+ Nxf6 7. Be3 Be7
8. Be2 O-O 9. O-O b6 10. Ne5 Bb7 11. Bf3 Bxf3 12. Qxf3 Qd5 13. c4 Qxf3 14. Nxf3
Rac8 15. Rfd1 c5 16. dxc5 Bxc5 17. Bxc5 Rxc5 18. b3 Rcc8 19. Ne5 Rfd8 20. f3
Kf8 21. Kf2 Rxd1 22. Rxd1 Ke7 23. b4 Rc7 24. b5 Nd7 25. Nc6+ Kf6 26. f4 Nc5 27.
Ke3 a6 28. Rd8 axb5 29. cxb5 Rd7 30. Rxd7 Nxd7 31. Kd4 Kf5 32. g3 f6 33. a4 g5
34. fxg5 Kxg5 35. a5 bxa5 36. Nxa5 Kg4 37. Nc4 Kh3 38. b6 Nxb6 39. Nxb6 Kxh2
40. g4 Kg3 41. Nd7 f5 42. gxf5 exf5 43. Nf6 f4 44. Nxh7 f3 45. Ng5 1/2-1/2